MARC details
| 000 -LEADER |
| campo de control de longitud fija |
00965nam a22002537a 4500 |
| 003 - IDENTIFICADOR DE NÚMERO DE CONTROL |
| campo de control |
CoMeUDC |
| 005 - FECHA Y HORA DE LA ÚLTIMA TRANSACCIÓN |
| campo de control |
20211014171926.0 |
| 008 - DATOS DE LONGITUD FIJA--INFORMACIÓN GENERAL |
| campo de control de longitud fija |
211014b ||||| |||| 00| 0 eng d |
| 020 ## - NÚMERO INTERNACIONAL ESTÁNDAR DEL LIBRO |
| Número Internacional Estándar del Libro |
9789585733756 |
| 040 ## - FUENTE DE CATALOGACIÓN |
| Centro/agencia transcriptor |
CO-UdeC |
| 082 ## - NÚMERO DE LA CLASIFICACIÓN DECIMAL DEWEY |
| Número de clasificación |
657.32 |
| Número de ítem |
C397ap |
| 110 ## - ENTRADA PRINCIPAL--NOMBRE DE ENTIDAD CORPORATIVA |
| 9 (RLIN) |
1593 |
| Nombre de entidad corporativa o nombre de jurisdicción como elemento de entrada |
Centro de Estudios Tributarios de Antioquia |
| 245 ## - MENCIÓN DEL TÍTULO |
| Título |
Aplicación de las NIIF para PYMES en Colombia / |
| Mención de responsabilidad, etc. |
Centro de Estudios Tributarios de Antioquia. |
| 250 ## - MENCION DE EDICION |
| Mención de edición |
Edición 2015. |
| 260 ## - PUBLICACIÓN, DISTRIBUCIÓN, ETC. |
| Lugar de publicación, distribución, etc. |
Medellín : |
| Nombre del editor, distribuidor, etc. |
Centro de Estudios Tributarios de Antioquia, |
| Fecha de publicación, distribución, etc. |
2015. |
| 300 ## - DESCRIPCIÓN FÍSICA |
| Extensión |
399 p. : |
| Dimensiones |
23 cm. |
| 500 ## - NOTA GENERAL |
| Nota general |
Decreto 3022 de 2013 y modificaciones del AISB de 2015 a las NIIF para PYMES. Índices temáticos de normatividad y taller aplicación posterior a la adopción por primera vez. |
| 504 ## - NOTA DE BIBLIOGRAFÍA, ETC. |
| Nota de bibliografía, etc. Nota |
Incluye índice temático. |
| 505 ## - NOTA DE CONTENIDO CON FORMATO |
| Nota de contenido con formato |
|
| 650 #0 - PUNTO DE ACCESO ADICIONAL DE MATERIA--TÉRMINO DE MATERIA |
| 9 (RLIN) |
1467 |
| Término de materia o nombre geográfico como elemento de entrada |
Contabilidad |
| 650 #0 - PUNTO DE ACCESO ADICIONAL DE MATERIA--TÉRMINO DE MATERIA |
| 9 (RLIN) |
314 |
| Término de materia o nombre geográfico como elemento de entrada |
NIIF |
| Subdivisión general |
Normas |
| 650 #0 - PUNTO DE ACCESO ADICIONAL DE MATERIA--TÉRMINO DE MATERIA |
| 9 (RLIN) |
72 |
| Término de materia o nombre geográfico como elemento de entrada |
Pequeña y mediana empresa |
| 942 ## - ELEMENTOS DE ENTRADA SECUNDARIOS (KOHA) |
| Fuente del sistema de clasificación o colocación |
Clasificación Decimal Dewey |
| Tipo de ítem Koha |
Libros |